000 02688nam a22002657a 4500
001 216218809
003 UA-OsUOA
005 20201229194228.0
008 200713b un ||||| m||| 00| 0 ukr d
040 _aUA-OsUOA
_bukr
_cUA-OsUOA
_dUA-OsUOA
041 _aukr
080 _a97(477.82-2)"1941/1944"
090 _a97(477.82-2)"1941/1944"
095 _a07.00.01
_bісторія України
100 _aЗек Б. М.
245 _aЛуцьк у роки нацистської окупації (1941–1944 рр.)
_cЗек Богдан Миколайович ; наук. керівник Баран Володимир Кіндратович
260 _aЛуцьк
_c2016
300 _a20 с.
502 _6Автореферат дисертації на здобуття наукового ступеня кандидата історичних наук
_cСхідноєвропейський національний університет імені Лесі Українки
_d2016
520 _aУ дисертації проведено комплексне дослідження історії Луцька періоду нацистської окупації (1941–1944 рр.). Висвітлено становище міста на початку війни, процес формування органів окупаційної влади і його періодизацію. Розглянуто політику Голокосту, нацистські репресії щодо військовополонених. Досліджено організацію руху Опору і відносин між його течіями. Показано соціально-економічне становище міста, наведено статистичні дані про підприємства, заклади громадського харчування і сфери послуг. Розкрито специфіку й умови їхньої роботи. Проаналізовано релігійні процеси, показано вплив Церкви на громаду міста. Висвітлено становище закладів культури й окупаційну політику в галузі освіти. З’ясовано умови життя в окупованому місті, наведено приклади купівельної спроможності лучан.
650 _2UDC
_a94 Історія
942 _2udc
_cAR
955 _a1
999 _c460710
_d460710